Cuartoscuro : Revista de Fotógrafos : año 3, número 16, enero-febrero de 1996 /
Cuartoscuro: Revista de Fotógrafos, es una publicación periódica mexicana dirigida desde su fundación, en 1993, por el fotoperiodista Pedro Valtierra; su periodicidad fue bimestral desde sus inicios hasta diciembre de 2022, a partir de 2023 ha sido trimestral. Como su nombre lo refiere, es una publi...
Spremljeno u:
| Daljnji autori: | |
|---|---|
| Format: | Knjiga |
| Jezik: | španjolski |
| Izdano: |
México :
Cuartoscuro,
1996, c1996
|
| Teme: | |
| Oznake: |
Bez oznaka, Budi prvi tko označuje ovaj zapis!
|
MARC
| LEADER | 00000nam^a2200000^a^4500 | ||
|---|---|---|---|
| 001 | 000561800 | ||
| 005 | 20250526000000.0 | ||
| 009 | 20260310131930.943 | ||
| 037 | |a Acervo ITESO - Biblioteca | ||
| 041 | |a ESP | ||
| 082 | |a 770. 5 |b CUA V. 16 | ||
| 240 | 1 | 1 | |a [Cuartoscuro: Revista de Fotógrafos] |
| 245 | 0 | 0 | |a Cuartoscuro : |b Revista de Fotógrafos : año 3, número 16, enero-febrero de 1996 / |c Dir. de P. Valtierra. |
| 264 | 4 | |a México : |b Cuartoscuro, |c 1996, c1996 | |
| 300 | |a 30 p. ; |c 27.0 cm. | ||
| 336 | |a texto |b txt |2 rdacontenido | ||
| 337 | |a sin mediación |b n |2 rdamedio | ||
| 338 | |a volumen |b nc |2 rdasoporte | ||
| 520 | |a Cuartoscuro: Revista de Fotógrafos, es una publicación periódica mexicana dirigida desde su fundación, en 1993, por el fotoperiodista Pedro Valtierra; su periodicidad fue bimestral desde sus inicios hasta diciembre de 2022, a partir de 2023 ha sido trimestral. Como su nombre lo refiere, es una publicación especializada en fotografía, que expone, difunde y promueve el trabajo de creadores reconocidos, tanto de México como de otras partes del mundo. En cada número presenta una muestra fotográfica de diversos autores, acompañada de una breve nota que contextualiza su obra; también contiene una sección en la que ofrece información sobre exposiciones, homenajes, convocatorias y otros temas fotográficos. | ||
| 649 | |a XX | ||
| 650 | |a Fotógrafos Mexicanos | ||
| 650 | |a Artistas Mexicanos | ||
| 650 | |a Fotógrafos Norteamericanos | ||
| 650 | |a Artistas Norteamericanos | ||
| 650 | |a Mujeres Mexicanas | ||
| 650 | |a Políticos Mexicanos - |x Fotografías | ||
| 650 | |a Identidad Cultural - |z México - |x Fotografías | ||
| 650 | |a Vida Cotidiana - |z México - |x Fotografías | ||
| 650 | |a Cultura Popular - |z México - |x Fotografías | ||
| 650 | |a Fotografía de la Naturaleza - |z EUA | ||
| 650 | |a Retrato (Fotografía) - |z México | ||
| 650 | |a Fotografía en Blanco y Negro - |z EUA | ||
| 650 | |a Fotografía en Blanco y Negro - |z México | ||
| 650 | |a Fotografía Norteamericana - |x Historia y Crítica | ||
| 650 | |a Fotografía Norteamericana - |y Siglo XX | ||
| 650 | |a Fotografía Mexicana - |x Historia y Crítica | ||
| 650 | |a Fotografía Mexicana - |y Siglo XX | ||
| 650 | |a Arte Norteamericano - |x Historia y Crítica | ||
| 650 | |a Arte Norteamericano - |y Siglo XX | ||
| 650 | |a Arte Mexicano - |x Historia y Crítica | ||
| 650 | |a Arte Mexicano - |y Siglo XX | ||
| 650 | |a Fotografía - |x Publicaciones Periódicas Mexicanas - |x Tema Principal | ||
| 650 | |a Publicaciones Periódicas Mexicanas | ||
| 650 | |a EUA - |x Fotografías | ||
| 650 | |a EUA - |x Descripción | ||
| 650 | |a México - |x Fotografías | ||
| 650 | |a México - |x Descripción | ||
| 650 | |a Lauer, David | ||
| 650 | |a López, José Antonio | ||
| 650 | |a Yampolsky, Mariana | ||
| 700 | |a Valtierra, Pedro |e (dirección) | ||
| 910 | |a Fondo Pedro Valtierra | ||
| 920 | |a Impresos - Libros | ||
| 930 | |a Libros Antiguos y Raros | ||
| 905 | |a 129 | ||
| 901 | |a 0500370319 |b IT2 |c LRA |i D |u 20250526 | ||
| 902 | |a https://opac.biblio.iteso.mx/vufind/Record/000561800 | ||